01601nam a2200361Ia 450000500170000000800410001702000180005810000370007624500290011324500540014225000230019626000170021930000410023650000840027750501200036160000730048165000310055465000310058565000370061665000380065365000210069165000260071270002340073874000920097294200120106426400140107633600270109033700330111733800280115004000350117808400110121399900150122420220317000009.0141031s9999 xx 000 0 und d a9789580467540 aWells, Herbert George, 1866-1946 aLa máquina del tiempo  b H.G. Wells ; traducido por Iván Hernández A. a2a ed., 5a reimpr. b Norma, 2009 a106, 89 p. (en paginación variada) aIncluye cronología. Encuadernado con: A propósito de H. G. Wells y su obra aOrígenes / H. G. Wells -- Tres cartas de Henry James / Henry James -- H. G. Wells, soñador / Iván Hernández aWELLS, HERBERT GEORGE, [1866-1946] - CRITICA E INTERPRETACION940807 a Desde Los 15 Años2LEMB a Literatura Inglesa 2LEMB a Narraciones De Aventuras 2LEMB a Novela De Ciencia Ficcion 2LEMB a Siglo Xx 2LEMB aNovela Inglesa 2LEMB aHernández, Iván \ Wells, Herbert George, 1866-1946 James, Henry, 1843-1916 Hernández, Iván \ Wells, Herbert George. Orígenes \ James, Henry. Tres cartas de Henry James \ Hernández, Iván. H.G. Wells, soñador940808 aH. G. Wells y su obra \ Orígenes \ Tres cartas de Henry James \ H.G. Wells, soñador 2loccBK aBogotá  atextobtxt2rdacontent asin mediaciónbn2rdamedia avolumenbnc2rdacarrier aCO-BoRNBPbspaerdacCO-BoRNBP aN WEL1 c2851d2851